000 00767nam a2200217 i 4500
001 77686
003 ES-MaACL
005 20230906173336.0
007 t|
008 041103s2001 pr ||||1| spa d
020 _a0-8477-0083-6
080 _a972.91
100 1 _aEstrade, Paul.
_948238
245 1 0 _aSolidaridad con Cuba libre (1895-1898)
_b: la impresionante labor del Dr. Betances en París /
_cPaul Estrade.
250 _a1ª ed.
260 _aSan Juan de Puerto Rico :
_bUniversidad de Puerto Rico,
_c2001.
300 _a505 p. :
_bil. ;
_c23 cm.
600 1 4 _aBetances, Ramón Emeterio.
_928629
651 4 _aCuba-
_xHistoria-
_y1895-1898, Guerra de la Independencia.
_98096
852 _aES-MaACL
_jE-10217
_bR.134450
999 _c77686
_d77686